LEADER 00949nam a2200229 i 4500 001 000000087507 003 CaOOAMICUS 005 20180830150022.0 008 180830s1952 xx u000 u und u 013 $a59747 040 $aSeMil$bita 100 1 $aBorgonovo, Giustino,$c.$0(OLS)http://semarc/name/5872 245 12$aL'amore di Gesł. Ciclo pentecostale. Dalla Pentecoste alla Domenica X. 260 $aMilano :$bDaverio,$c1952. 300 $a326 p. 650 4$aLiturgia.$0(OLS)http://semarc/subject/1618 650 4$aPentecoste.$0(OLS)http://semarc/subject/4618 650 4$aMeditazioni.$0(OLS)http://semarc/subject/1352 850 $aSeMil 852 $aSeMil$W1$xVenegono$y1$m106 13 5a *$j50974$B50974$CSeMilBibl$Z2$F55106 $81 996 $6245$aL'amore di Gesł. Ciclo pentecostale. Dalla Pentecoste alla Domenica X$9(OLS)http://semarc/title/133554 996 $6260$aMilano :$bDaverio$9(OLS)http://semarc/publisher/30287 LEADER 00501nab a2200133 i 4500 001 000000327740 003 CaOOAMICUS 005 20180831173547.0 008 180831n it uu u0 0ita r 013 $a39331 040 $aSeMil$bita 245 13$aLa visita al cimitero e l'inutile sperpero. - In [rubrica] :$bLe Lettere di Marcellina. 773 0 $t28 novembre 1997.$gp.19$w()290623 996 $6245$aLa visita al cimitero e l'inutile sperpero. - In [rubrica] :$bLe Lettere di Marcellina.$9(OLS)http://semarc/title/416353